00905nam a2200265Ia 450000500170000000800410001702000150005804100080007310000200008124500840010125000220018526400330020730000400024033600270028033700330030733800280034049000440036865000470041265000510045965000280051070000260053870000280056404000350059208400120062720220316235347.0121119s1998 ck a gr 000 d spa  a95830032040 aspa1 aRuiz, Clarisa, 10aUna noche en el tejadocClarisa Ruiz, Yolanda Reyes ; ilustraciones, Pedro Ruiz aPrimera edición 1aBogotábPanamericanac1998 a64 páginasbilustracionesc21 cm. atextobtxt2rdacontent asin mediaciónbn2rdamedia avolumenbnc2rdacarrier0 aPrimer acto : teatro infantil y juvenil142LEMBaTeatro escolar e infantil colombiano142LEMBaLiteratura infantil colombianaySiglo XX142LEMBaAnimales vTeatro1 aReyes, Yolandad1959-1 aRuiz, Pedroeilustrador aCO-BoRNBPbspaerdacCO-BoRNBP aT RUI2